Animal Alphabet Picture 60 - Statistics

General Stats
  • This quiz has been taken 18 times
  • The average score is 15 of 26
Answer Stats
Picture Hint Answer % Correct
A Alpaca
90%
C Crocodile
90%
D Dolphin
90%
E Eagle
90%
F Fox
90%
G Goat
90%
J Jellyfish
90%
H Hare
80%
K Komodo Dragon
70%
M Moose
70%
R Raccoon
70%
S Seal
70%
Y Yak
70%
B Badger
60%
O Orca
60%
P Peacock
60%
W Weasel
60%
I Impala
50%
T Toucan
50%
Q Quokka
20%
X X-Ray Fish
20%
L Lammergeier
10%
N Numbat
10%
U Urial
10%
V Vaquita
10%
Z Zorilla
10%
No matching quizzes found
Score Distribution
Percent of People with Each Score
Percentile by Number Answered
Your Score History
You have not taken this quiz